000 00504nam a2200217Ia 4500
005 20250425161113.0
008 250425s9999 xx 000 0 und d
020 _a8431400773
041 _aspa
082 _a671
100 _aFLIMM, JOSEPH
245 0 _aFABRICACIONES METALICAS SIN ARRANQUE DE VIRUTA
250 _aS.E.
260 _aBILBAO
260 _aEspaƱa
_bURMO
_c1979
300 _a324
650 _aMETALES
650 _aPROCESOS DE FABRICACION
942 _c01
010 _a12767
999 _c202510
_d202510